'S' Vocabulary (Hard) Quiz Stats

 Plays Quiz Updated Dec 4, 2016

Support Sporcle.
Go Orange.
Score 0/25 Timer 09:00
3 Plays Today
% Correct
spectrology
92.2%
serendipity
88.3%
sinew
88.3%
superfluous
88%
sommelier
85.3%
sceptre
83.7%
sacrosanct
81%
stupor
80.8%
stiletto
75.9%
suffuse
75.2%
sully
74.6%
somnolent
71.6%
squalid
71.5%
% Correct
swarthy
68.6%
supinate
68.3%
stolid
67.8%
sordid
66.9%
supplicate
66.8%
scullion
63.9%
sagacity
58.4%
stultify
58.1%
serval
56.1%
sapient
55.9%
saturnism
42.7%
syzygy
32.4%

You're not logged in!

Compare scores with friends on all Sporcle quizzes.
OR
Log In

From the Vault

NFL Players with 500+ Receptions for One Team

by JWilson7

These teams sure got their money's worth when they recruited these players.
Remove Ads.
Support Sporcle.
Get the best of Sporcle when you Go Orange. This ad-free experience offers more features, more stats, and more fun while also helping to support Sporcle. Thank you for becoming a member.

Show Comments

Extras

Top Quizzes Today


Score Distribution

Your Account Isn't Verified!

In order to create a playlist on Sporcle, you need to verify the email address you used during registration. Go to your Sporcle Settings to finish the process.

Report this User

Report this user for behavior that violates our Community Guidelines.

Details: